Your career, your life (Record no. 104092)
[ view plain ]
| 000 -LEADER | |
|---|---|
| fixed length control field | 00787cam a2200205 4500 |
| 001 - CONTROL NUMBER | |
| control field | L129060 |
| 008 - FIXED-LENGTH DATA ELEMENTS--GENERAL INFORMATION | |
| fixed length control field | 050315n2005 000 0 eng u |
| 020 ## - INTERNATIONAL STANDARD BOOK NUMBER | |
| International Standard Book Number | 0754636348 |
| 035 ## - SYSTEM CONTROL NUMBER | |
| System control number | (Sirsi) u129060 |
| 041 ## - LANGUAGE CODE | |
| Language code of text/sound track or separate title | eng |
| 050 ## - LIBRARY OF CONGRESS CALL NUMBER | |
| Classification number | 020.23 |
| -- | 22 |
| 245 ## - TITLE STATEMENT | |
| Title | Your career, your life |
| Remainder of title | career management for the information professional |
| 260 ## - PUBLICATION, DISTRIBUTION, ETC. | |
| Place of publication, distribution, etc. | Aldershot |
| Name of publisher, distributor, etc. | Ashgate |
| Date of publication, distribution, etc. | 2005 |
| 300 ## - PHYSICAL DESCRIPTION | |
| Extent | ix,182p. |
| Dimensions | 24cm. |
| 350 ## - PRICE (NR) (BK AM CF MU VM SE) [OBSOLETE] | |
| Price | 20.00 |
| 520 ## - SUMMARY, ETC. | |
| Summary, etc. | Aimed at middle management information professionals and those in the earlier part of their career. this text aims to help the reader to clarify career plans and develop skills and insights to manage change effectively. |
| 690 ## - LOCAL SUBJECT ADDED ENTRY--TOPICAL TERM (OCLC, RLIN) | |
| Topical term or geographic name as entry element | MANAGEMENT-BUSINESS MANAGEMENT-INFORMATION MANAGEMENT |
| 700 ## - ADDED ENTRY--PERSONAL NAME | |
| Personal name | Raddon, Rosemary |
| International Standard Serial Number | Editor |
| 942 ## - ADDED ENTRY ELEMENTS (KOHA) | |
| Suppress in OPAC | 0 |
| Withdrawn status | Lost status | Source of classification or shelving scheme | Damaged status | Not for loan | Home library | Current library | Shelving location | Date acquired | Cost, normal purchase price | Total Checkouts | Full call number | Barcode | Date last seen | Date last checked out | Copy number | Cost, replacement price | Price effective from | Koha item type |
|---|---|---|---|---|---|---|---|---|---|---|---|---|---|---|---|---|---|---|
| Dewey Decimal Classification | London | London | Books | 19/04/2005 | 17.00 | 2 | 020.23 RAD | 30069886 | 06/08/2019 | 01/03/2007 | 1 | 17.00 | 06/08/2019 | Book |